[Event "Østlandsserien 2007/2008, 1. div."]
[Site "Ås, Norwegen"]
[Date "2008.03.09"]
[Round "9"]
[White "Lange, Holger"]
[Black "Andersen, Lars Even"]
[Result "0-1"]
[WhiteElo "1651"]
[BlackElo "2220"]
[PlyCount "68"]
[EventDate "2008.??.??"]

1. d4 Nf6 2. c4 Nc6 3. d5 Ne5 4. Qc2 e6 5. f4 Ng6 6. e4 Bb4+ 7. Nc3 exd5 8.
cxd5 Qe7 9. Bd3 Nxd5 10. Nge2 Nxc3 11. Nxc3 Qc5 12. Bd2 O-O 13. O-O-O Bxc3 14.
bxc3 Re8 15. Rde1 d6 16. Be3 Qa5 17. Kd2 Bd7 18. Rhf1 Bb5 19. Bxb5 Qxb5 20. Rb1
Qc6 21. f5 Ne5 22. Rb4 Nc4+ 23. Ke2 Rxe4 24. Rf3 Rxe3+ 25. Rxe3 Qxg2+ 26. Kd3
Qxc2+ 27. Kxc2 Nxe3+ 28. Kd3 Nxf5 29. Rxb7 c5 30. Ke4 g6 31. Kd5 Kg7 32. Kc6
Kf6 33. Kb5 Ke6 34. Ka6 d5 0-1

[Event "Østlandsserien 2007/2008, 1. div."]
[Site "Ås, Norwegen"]
[Date "2008.03.09"]
[Round "9"]
[White "Lange, David"]
[Black "Andersen, Øystein R"]
[Result "0-1"]
[WhiteElo "1522"]
[BlackElo "1871"]
[PlyCount "52"]
[EventDate "2008.??.??"]

1. d4 d5 2. c4 dxc4 3. e4 e5 4. d5 Nf6 5. Bg5 c6 6. Bxc4 Qb6 7. Bxf6 Qxb2 8.
dxc6 Nxc6 9. Qh5 Qc1+ 10. Qd1 Bb4+ 11. Nd2 Bxd2+ 12. Kf1 Qxc4+ 13. Ne2 gxf6 14.
Qxd2 Nd4 15. Rd1 Qxe2+ 16. Qxe2 Nxe2 17. Kxe2 Be6 18. Rb1 b6 19. a3 Ke7 20. Rb2
Rac8 21. f3 Rhd8 22. Ra1 Rc5 23. a4 Ra5 24. Ke3 Rd4 25. Rc1 Raxa4 26. Rc7+ Rd7
0-1

[Event "Østlandsserien 2007/2008, 1. div"]
[Site "Oslo"]
[Date "2008.03.09"]
[Round "9.2"]
[White "Myrstad, Odd Magnus"]
[Black "Lea, Per"]
[Result "1-0"]
[WhiteElo "2072"]
[BlackElo "1576"]
[PlyCount "55"]
[EventDate "2008.??.??"]
[WhiteTeam "Black Knights and White Widows"]
[BlackTeam "Follo 1"]

1. e4 e5 2. Nf3 Nc6 3. Bb5 a6 4. Ba4 Nf6 5. O-O b5 6. Bb3 Be7 7. d4 exd4 8.
Nxd4 Nxd4 9. Qxd4 c5 10. Qe3 c4 11. e5 Nd5 12. Qg3 g6 13. Bh6 cxb3 14. axb3 Bf8
15. Bg5 Qb6 16. c4 bxc4 17. bxc4 Qxb2 18. Ra5 Nc7 19. Bf6 Rg8 20. Nc3 Qb6 21.
Ra2 Bb7 22. Rd1 Qe6 23. Rad2 Bc8 24. Qh4 h5 25. Ne4 Qg4 26. Bg5 Bg7 27. Nd6+
Kf8 28. Be7# {White mates} 1-0

[Event "Østlandsserien 2007/2008, 1. div"]
[Site "Oslo"]
[Date "2008.03.09"]
[Round "9.4"]
[White "Flaata, Alexander"]
[Black "Moberg, Jan Rune"]
[Result "1-0"]
[WhiteElo "1933"]
[BlackElo "1483"]
[PlyCount "115"]
[EventDate "2008.??.??"]
[WhiteTeam "Black Knights and White Widows"]
[BlackTeam "Follo 1"]

1. e4 e5 2. f4 exf4 3. Nf3 Be7 4. Bc4 c6 5. O-O d5 6. exd5 cxd5 7. Bb3 Be6 8.
d4 g5 9. Na3 Bf6 10. Qe2 Ne7 11. Ne5 Nbc6 12. Nxc6 bxc6 13. c3 h5 14. Nc2 Qd6
15. Ne1 a5 16. Ba4 Kf8 17. Nd3 Ng6 18. Bd2 Re8 19. Rae1 Kg7 20. Qf2 Bf5 21.
Rxe8 Rxe8 22. Nc5 Be4 23. Bd1 Nh4 24. g3 fxg3 25. Qxg3 Qxg3+ 26. hxg3 Ng6 27.
Bxh5 Rh8 28. Nxe4 dxe4 29. Bg4 Bd8 30. Bf5 e3 31. Bxe3 Re8 32. Re1 Bc7 33. Kf2
Rh8 34. Kg2 Bd8 35. Bd7 Ne7 36. Bxg5 f6 37. Bd2 Rh5 38. a4 c5 39. g4 Rh4 40.
Kg3 Ng6 41. Kg2 cxd4 42. cxd4 Bc7 43. Rh1 Rxh1 44. Kxh1 Nf4 45. b4 axb4 46.
Bxb4 Ng6 47. Bc6 Bb6 48. Bd2 Ne7 49. d5 Kf7 50. a5 Bd4 51. Bb7 Ke8 52. Kg2 Kd7
53. Kf3 Kc7 54. a6 Nc8 55. Bxc8 Kxc8 56. Ke4 Bb6 57. Kf5 Bd4 58. Ke6 1-0

[Event "Østlandsserien 2007/2008, 3. div. A"]
[Site "Ås, Akershus NOR"]
[Date "2007.11.11"]
[Round "1"]
[White "Hovden, Hans"]
[Black "Furnes, Torstein"]
[Result "1-0"]
[WhiteElo "1651"]
[BlackElo "1548"]
[PlyCount "87"]
[EventDate "2007.11.11"]
[WhiteTeam "Kirkegata"]
[BlackTeam "Follo 2"]

1. c4 Nf6 2. Nc3 e5 3. Nf3 d6 4. e3 Be7 5. d4 exd4 6. Nxd4 O-O 7. Be2 d5 8. O-O
dxc4 9. Bxc4 c5 10. Ndb5 a6 11. Qxd8 Rxd8 12. Nc7 Ra7 13. N7d5 b5 14. Nxe7+
Rxe7 15. Be2 Bb7 16. f3 Nc6 17. Kf2 Nb4 18. e4 h6 19. Be3 Rc7 20. Rad1 Rxd1 21.
Rxd1 c4 22. a3 Nc6 23. a4 b4 24. Nd5 Nxd5 25. exd5 Ne5 26. Bf4 f6 27. d6 Rd7
28. Bxe5 fxe5 29. Bxc4+ Kf8 30. Kg3 g6 31. Rd2 Kg7 32. Be6 Rd8 33. d7 Kf6 34.
Rd6 Ke7 35. Rb6 Ba8 36. Rxa6 Rb8 37. Bh3 Kf7 38. Ra7 Rd8 39. Ra6 Rb8 40. Rd6
Rd8 41. Rb6 Bd5 42. Rxb4 Bc6 43. a5 Bxd7 44. Rb7 1-0

[Event "Østlandsserien 2007/2008, 3. div. A"]
[Site "Ås, Akershus NOR"]
[Date "2007.11.11"]
[Round "1"]
[White "Lange, David"]
[Black "Wister, Tom R"]
[Result "1-0"]
[WhiteElo "1468"]
[BlackElo "1613"]
[PlyCount "117"]
[EventDate "2007.11.11"]
[WhiteTeam "Follo 2"]
[BlackTeam "Kirkegata"]

1. c4 f5 2. g3 Nf6 3. Bg2 c6 4. Nc3 e6 5. Nf3 d5 6. cxd5 exd5 7. d4 Bd6 8. O-O
O-O 9. Ne5 Nbd7 10. f4 Ne4 11. Nxe4 fxe4 12. Bd2 c5 13. Nxd7 Qxd7 14. Bc3 c4
15. e3 b5 16. Qd2 Qe7 17. a3 Be6 18. Bb4 Rf7 19. Bxd6 Qxd6 20. Qb4 Qb6 21. h3
a5 22. Qd2 Rfa7 23. g4 b4 24. Rfb1 Rb8 25. Bf1 bxa3 26. Rxa3 Qb4 27. Qh2 Qd6
28. Qd2 Qxa3 29. bxa3 Rxb1 30. Kf2 Rb3 31. Qc1 Rab7 32. Be2 Bd7 33. Kg3 a4 34.
Kh4 R7b6 35. Bxc4 dxc4 36. Qxc4+ Kf8 37. Qc5+ Kf7 38. Qd5+ Kf8 39. Qxd7 Rh6+
40. Kg5 Rxe3 41. Qxa4 Re6 42. Qb4+ Ke8 43. f5 Re7 44. Qb5+ Kf7 45. Qd5+ Kf8 46.
Qa8+ Kf7 47. h4 Rd3 48. Qd5+ Kf8 49. Qd6 Kf7 50. f6 h6+ 51. Kh5 gxf6 52. Kxh6
e3 53. Qd5+ Kf8 54. Kg6 Ke8 55. Kxf6 Rxa3 56. Qc6+ Kf8 57. Qc8+ Re8 58. Qc5+
Kg8 59. Qg5+ 1-0

[Event "Østlandsserien 2007/2008, 3. div. A"]
[Site "Ås, Akershus NOR"]
[Date "2007.11.11"]
[Round "1"]
[White "Sørli, Arne"]
[Black "Pettersen, Erling"]
[Result "1-0"]
[WhiteElo "1347"]
[BlackElo "1316"]
[PlyCount "73"]
[EventDate "2007.11.11"]
[WhiteTeam "Kirkegata"]
[BlackTeam "Follo 2"]

1. e4 c5 2. Nf3 e6 3. Nc3 a6 4. d4 cxd4 5. Nxd4 Nc6 6. Nf3 Bb4 7. Bd2 Nge7 8.
Bd3 O-O 9. O-O h6 10. Nh4 Ne5 11. Be2 N7c6 12. Nf3 Nxf3+ 13. gxf3 d5 14. exd5
exd5 15. Kh1 f5 16. Rg1 d4 17. Bxh6 Rf7 18. Bc4 dxc3 19. Bxf7+ Kxf7 20. Rxg7+
Kf6 21. Bg5+ Kxg7 22. Bxd8 Be6 23. Qg1+ Kf7 24. bxc3 Bxc3 25. Rb1 Nxd8 26. Qg5
b5 27. Rd1 Nc6 28. Rd6 Ne5 29. Rb6 Nd7 30. Qh5+ Ke7 31. Qh7+ Bf7 32. Rb7 Rf8
33. Qxf5 Be6 34. Qc5+ Kd8 35. Rxd7+ Kxd7 36. Qxf8 Bxa2 37. Qf5+ 1-0

[Event "Østlandsserien 2007/2008, 3. div. A"]
[Site "Ås, Akershus NOR"]
[Date "2007.11.11"]
[Round "1"]
[White "Thowsen, Alf Geir"]
[Black "Tevasvoll, Svein"]
[Result "0-1"]
[WhiteElo "1239"]
[BlackElo "1203"]
[PlyCount "77"]
[EventDate "2007.11.11"]
[WhiteTeam "Follo 2"]
[BlackTeam "Kirkegata"]

1. d4 Nf6 2. Nf3 e6 3. c4 b6 4. Nc3 Bb7 5. e3 Be7 6. Bd3 d5 7. cxd5 Nxd5 8. Bd2
Nxc3 9. Bxc3 Bf6 10. Rc1 O-O 11. O-O Nd7 12. Nd2 c5 13. Nb3 cxd4 14. Nxd4 Nc5
15. Bb1 Qd7 16. Qe2 Ba6 17. Bxh7+ Kxh7 18. Qh5+ Kg8 19. Rfd1 Qb7 20. Qg4 Qe4
21. Qxe4 Nxe4 22. f3 Nxc3 23. Rxc3 Rfe8 24. Rdc1 Rac8 25. b3 Rxc3 26. Rxc3 Bxd4
27. exd4 Rc8 28. Rxc8+ Bxc8 29. b4 f5 30. f4 Kf7 31. Kf2 Ke7 32. Ke3 Ba6 33. g3
Kd6 34. Kd2 Kd5 35. Kc3 Bc4 36. a3 b5 37. h3 Ke4 38. a4 a6 39. axb5 0-1

[Event "Østlandsserien 2007/2008, 3. div. A"]
[Site "Sellebakk, Fredriksstad, Østfold NOR"]
[Date "2007.12.09"]
[Round "2"]
[White "Lea, Per"]
[Black "Talat, Hogir"]
[Result "0-1"]
[WhiteElo "1569"]
[BlackElo "1891"]
[PlyCount "66"]
[EventDate "2007.11.11"]
[WhiteTeam "Follo 2"]
[BlackTeam "Fredriksstad"]

1. e4 d6 2. d4 Nf6 3. Nc3 Nc6 4. d5 Ne5 5. f4 Ng6 6. Nf3 c6 7. Bd3 Qb6 8. dxc6
bxc6 9. Qe2 e5 10. f5 Ne7 11. Qe3 c5 12. h3 Nc6 13. O-O Nd4 14. Ne2 Bb7 15.
Nexd4 cxd4 16. Qe1 Qc6 17. Nd2 d5 18. Qg3 O-O-O 19. Re1 dxe4 20. Nxe4 Qc7 21.
Bg5 Be7 22. Rac1 Nxe4 23. Bxe4 Bxg5 24. Qxg5 Bxe4 25. Rxe4 Qb7 26. Rxe5 Qb6 27.
Qe7 Kb8 28. Qxf7 d3+ 29. Kh1 dxc2 30. Rxc2 Rd1+ 31. Kh2 Qg1+ 32. Kg3 Rd3+ 33.
Kh4 Qd4+ 0-1

[Event "Østlandsserien 2007/2008, 3. div. A"]
[Site "Sellebakk, Fredriksstad, Østfold NOR"]
[Date "2007.12.09"]
[Round "2"]
[White "Andersen, Harry"]
[Black "Stensland, Martin"]
[Result "1-0"]
[WhiteElo "1768"]
[BlackElo "1192"]
[PlyCount "65"]
[EventDate "2007.11.11"]
[WhiteTeam "Fredriksstad"]
[BlackTeam "Follo 2"]

1. e4 e6 2. d4 d5 3. e5 c5 4. c3 Ne7 5. dxc5 Nec6 6. Bb5 Bxc5 7. Qg4 g6 8. Nh3
Bd7 9. Qg3 Qc7 10. O-O Ne7 11. Bxd7+ Nxd7 12. b4 Nf5 13. Qd3 Nxe5 14. Qb5+ Nd7
15. bxc5 O-O 16. Qd3 Nxc5 17. Qf3 Ne4 18. Nf4 Qb6 19. g4 Nh4 20. Qe3 Qd8 21.
Nd2 Qg5 22. Nxe4 dxe4 23. Qg3 Nf3+ 24. Kh1 Rac8 25. Nxe6 Qe7 26. Nxf8 Qxf8 27.
Be3 b6 28. Qf4 Qe7 29. Rad1 Qh4 30. Rd7 Rf8 31. Qg3 Qf6 32. Qf4 Qe6 33. Rfd1
1-0

[Event "Østlandsserien 2007/2008, 3. div. A"]
[Site "Sellebakk, Fredriksstad, Østfold NOR"]
[Date "2007.12.09"]
[Round "2"]
[White "Olsen, Trygve"]
[Black "Christensen, Kjeld"]
[Result "0-1"]
[WhiteElo "1245"]
[BlackElo "1793"]
[PlyCount "64"]
[EventDate "2007.11.11"]
[WhiteTeam "Follo 2"]
[BlackTeam "Fredriksstad"]

1. e4 e6 2. f4 d5 3. e5 c5 4. Nf3 Nc6 5. c3 Qb6 6. Bd3 Nge7 7. Ng5 Ng6 8. Qh5
Nce7 9. Bc2 h6 10. Nh3 d4 11. Na3 Qc6 12. Nc4 Nf5 13. O-O b5 14. Na3 Ngh4 15.
Qe2 c4 16. Be4 Qb6 17. Bxa8 d3+ 18. Qf2 Bc5 19. b3 Bb7 20. Bxb7 Qxb7 21. Kh1
Bxf2 22. Rxf2 Qc6 23. bxc4 bxc4 24. Rb1 O-O 25. Rb4 Qe4 26. Kg1 Rc8 27. Ra4 Rc7
28. Kf1 Qd5 29. Kg1 a5 30. g4 Nf3+ 31. Kf1 N5h4 32. f5 Qe4 0-1

[Event "Østlandsserien 2007/2008, 3. div. A"]
[Site "Sellebakk, Fredriksstad, Østfold NOR"]
[Date "2007.12.09"]
[Round "2"]
[White "Ludvigsen, Jan"]
[Black "Samset, Jon"]
[Result "1-0"]
[WhiteElo "1603"]
[BlackElo "1130"]
[PlyCount "61"]
[EventDate "2007.11.11"]
[WhiteTeam "Fredriksstad"]
[BlackTeam "Follo 2"]

1. e4 e5 2. Nf3 d6 3. d4 exd4 4. Nxd4 Nf6 5. Nc3 Be7 6. Bf4 O-O 7. Qd2 Nc6 8.
O-O-O a5 9. f3 a4 10. g4 a3 11. b3 Bd7 12. h4 Nxd4 13. Qxd4 h5 14. g5 Ne8 15.
Nd5 g6 16. Bd2 Kh7 17. Bc3 c5 18. Qd2 b5 19. Be2 b4 20. Ba1 Nc7 21. Nf6+ Bxf6
22. Bxf6 Qc8 23. Qxd6 Nb5 24. Qxd7 Nc3 25. Bxc3 bxc3 26. Qxc8 Raxc8 27. Rd7 Kg7
28. Rhd1 c4 29. Bxc4 Rxc4 30. bxc4 Rb8 31. Ra7 1-0

[Event "Østlandsserien 2007/2008, 3. div. A"]
[Site "Ås, Akershus NOR"]
[Date "2008.01.13"]
[Round "3"]
[White "Lind Pedersen, Erik"]
[Black "Lea, Per"]
[Result "1-0"]
[WhiteElo "1240"]
[BlackElo "1569"]
[PlyCount "101"]
[EventDate "2007.11.11"]
[WhiteTeam "Moss 3"]
[BlackTeam "Follo 2"]

1. c4 e6 2. Nc3 d5 3. g3 d4 4. Na4 c5 5. b3 Bd7 6. Bg2 Bc6 7. Nf3 e5 8. d3 Qc7
9. O-O Nf6 10. Nb2 Bd6 11. e4 O-O 12. Bg5 Nbd7 13. Qc1 a6 14. Bh3 Nh5 15. Nh4
Rfe8 16. Nf5 Bf8 17. Qd1 Nhf6 18. Qf3 Qd8 19. Qe2 h6 20. Bd2 Kh7 21. f4 g6 22.
Nh4 Bg7 23. Nd1 exf4 24. Qf3 Ne5 25. Qe2 fxg3 26. hxg3 Nh5 27. Kh2 Bd7 28. Nf2
Bxh3 29. Nxh3 Qd7 30. Rad1 Ng4+ 31. Kg2 f5 32. Nf2 Qd6 33. Qf3 Ne5 34. Qe2 Qc6
35. Nxf5 Nxd3 36. Nxg7 Nxf2 37. Nxh5 Nxd1 38. Nf6+ Kg7 39. Qxd1 Re6 40. Qf3 Qc7
41. Ng4 g5 42. Qf5 Rae8 43. Nf6 Kh8 44. Nxe8 Rxe8 45. Qf6+ Kh7 46. Qf7+ Qxf7
47. Rxf7+ Kg6 48. Rxb7 Rxe4 49. Kf3 Re6 50. Ba5 h5 51. Rb6 1-0

[Event "Østlandsserien 2007/2008, 3. div. A"]
[Site "Ås, Akershus NOR"]
[Date "2008.01.13"]
[Round "3"]
[White "Pettersen, Erling"]
[Black "Nordling, Karl-Egil"]
[Result "1/2-1/2"]
[WhiteElo "1316"]
[BlackElo "1144"]
[PlyCount "66"]
[EventDate "2007.11.11"]
[WhiteTeam "Follo 2"]
[BlackTeam "Moss 3"]

1. e4 e5 2. Nf3 Nc6 3. d4 exd4 4. Nxd4 Bc5 5. Be3 Bb6 6. Be2 d6 7. O-O Bd7 8.
Nc3 Nf6 9. a3 Qe7 10. Bf3 O-O-O 11. b4 h5 12. Nxc6 Bxc6 13. Bxb6 axb6 14. Nd5
Qe5 15. Qd3 h4 16. Rae1 Bd7 17. Qc4 Nxd5 18. exd5 Qf6 19. b5 Rde8 20. Rxe8+
Rxe8 21. a4 h3 22. a5 bxa5 23. b6 Qd8 24. g3 Kb8 25. bxc7+ Qxc7 26. Qxc7+ Kxc7
27. c4 b6 28. Rc1 f5 29. Bh5 Re7 30. f4 Be8 31. Bf3 g6 32. Kf2 Bd7 33. Be2 Re8
1/2-1/2

[Event "Østlandsserien 2007/2008, 3. div. A"]
[Site "Ås, Akershus NOR"]
[Date "2008.01.13"]
[Round "3"]
[White "Stene, Sigurd"]
[Black "Thowsen, Alf Geir"]
[Result "0-1"]
[WhiteElo "1256"]
[BlackElo "1239"]
[PlyCount "30"]
[EventDate "2007.11.11"]
[WhiteTeam "Moss 3"]
[BlackTeam "Follo 2"]

1. d4 d5 2. Nc3 Nf6 3. e4 dxe4 4. f3 exf3 5. Nxf3 Bg4 6. Bc4 e6 7. O-O Nc6 8.
Ne2 Bxf3 9. Rxf3 Ne5 10. Rc3 Nxc4 11. Rxc4 Be7 12. Bf4 Nd5 13. a4 Bg5 14. Qd2
Nxf4 15. Nxf4 e5 0-1

[Event "Østlandsserien 2007/2008, 3. div. A"]
[Site "Ås, Akershus NOR"]
[Date "2008.01.13"]
[Round "3"]
[White "Samset, Jon"]
[Black "Aasen, Oddvar"]
[Result "1/2-1/2"]
[WhiteElo "1130"]
[BlackElo "987"]
[PlyCount "34"]
[EventDate "2007.11.11"]
[WhiteTeam "Follo 2"]
[BlackTeam "Moss 3"]

1. b3 d5 2. Bb2 Nc6 3. Nf3 Nf6 4. e3 Bf5 5. a3 e6 6. h3 Bd6 7. d4 a6 8. Bd3 Ne4
9. Nc3 O-O 10. O-O Bg6 11. Ne2 Ne7 12. Ne5 Bxe5 13. dxe5 c5 14. Nf4 Nf5 15. Qg4
Nh6 16. Qd1 Nf5 17. Qg4 Nh6 1/2-1/2

[Event "Østlandsserien 3A"]
[Site "Ås"]
[Date "2008.02.10"]
[Round "4"]
[White "Johansen, Lars"]
[Black "Lea, Per"]
[WhiteElo "1728"]
[BlackElo "1576"]
[WhiteTeam "Nordstrand 5"]
[Blackteam "Follo 2"]
[Board "1"]
[PlyCount "94"]
[Result "0-1"]
1. d4 d5 2. c4 e5 3. dxe5 d4 4. Nf3 Nc6 5. Bf4 Bg4 6. h3 Bxf3 7. gxf3 Nge7
8. Qa4 Qd7 9. h4 Nxe5 10. Qxd7+ Nxd7 11. Nd2 O-O-O 12. O-O-O Nc6 13. Bh3
Kb8 14. Ne4 f6 15. Bh2 Nde5 16. Be6 d3 17. f4 dxe2 18. Rxd8+ Nxd8 19. fxe5
Nxe6 20. Kd2 Nd4 21. Ke3 e1=Q+ 22. Rxe1 Nc2+ 23. Ke2 Nxe1 24. Kxe1 Bb4+ 25.
Ke2 fxe5 26. Bxe5 Re8 27. f4 Bd6 28. Bxd6 cxd6 29. Kd3 Kc7 30. f5 Kc6 31.
f6 gxf6 32. Nxf6 Re7 33. b4 Rf7 34. Nd5 Rf2 35. a4 Rh2 36. Ne7+ Kd7 37. Nf5
Rf2 38. Ke4 a6 39. Nd4 Ra2 40. a5 Rb2 41. b5 Ra2 42. Kf5 Rxa5 43. Kf6 Ra4
44. h5 Rxc4 45. Nf5 Rf4 46. bxa6 Rxf5+ 47. Kxf5 bxa6
0-1

[Event "Østlandsserien 3A"]
[Site "Ås"]
[Date "2008.02.10"]
[Round "4"]
[White "Olsen, Trygve"]
[Black "Baastø, Espen"]
[WhiteElo "1265"]
[BlackElo "1576"]
[WhiteTeam "Follo 2"]
[Blackteam "Nordstrand 5"]
[Board "2"]
[PlyCount "84"]
[Result "0-1"]
1. e4 e5 2. Bc4 Nf6 3. Nf3 Bd6 4. d3 O-O 5. a3 c6 6. O-O h6 7. Nh4 Re8 8.
Qf3 Bf8 9. Nc3 d6 10. Nf5 Be6 11. Rd1 Nbd7 12. b4 Nb6 13. Ba2 a5 14. b5 d5
15. bxc6 bxc6 16. Bb2 d4 17. Ne2 g6 18. Bxe6 Rxe6 19. Nfg3 Na4 20. Bc1 Ne8
21. Qg4 Nd6 22. f4 Kh7 23. f5 Re7 24. Rf1 Rb7 25. h4 Nb5 26. h5 g5 27. f6
Nac3 28. Kh2 Nxe2 29. Nxe2 Qd7 30. Qg3 Nc7 31. Ng1 Ne6 32. Qf3 Rab8 33. Kh1
Nf4 34. Bxf4 exf4 35. a4 Bd6 36. Ne2 Be5 37. Rfc1 Qe6 38. c3 Qxf6 39. c4
Rb2 40. Qf1 g4 41. Rcb1 g3 42. Rxb2 Qh4+
0-1

[Event "Østlandsserien 3A"]
[Site "Ås"]
[Date "2008.02.10"]
[Round "4"]
[White "Danielsen, Johnny Kr"]
[Black "Thowsen, Alf Geir"]
[WhiteElo "1513"]
[BlackElo "1237"]
[WhiteTeam "Nordstrand 5"]
[Blackteam "Follo 2"]
[Board "3"]
[PlyCount "99"]
[Result "1-0"]
1. e4 e5 2. Nf3 Nc6 3. Bb5 d6 4. O-O Bd7 5. c3 Nf6 6. Re1 a6 7. Ba4 Be7 8.
d4 O-O 9. h3 b5 10. Bc2 Re8 11. Nbd2 Rb8 12. b3 b4 13. Bb2 Bf8 14. d5 Na7
15. c4 c6 16. Nh2 cxd5 17. exd5 Nc8 18. Re3 Nb6 19. Qf3 Rc8 20. Bd3 Rc5 21.
Ne4 Nxe4 22. Bxe4 Qc8 23. g4 Be7 24. Re2 Bg5 25. Bc1 Bxc1 26. Rxc1 Ra5 27.
Nf1 Ra3 28. Ne3 Qc5 29. Rcc2 Rc8 30. Rcd2 Ra5 31. Nf5 Qc7 32. Ne7+ Kf8 33.
Nxc8 Bxc8 34. Bxh7 Nd7 35. Bf5 Nc5 36. Bxc8 Qxc8 37. Qg3 Qc7 38. Qh4 f6 39.
f3 Kf7 40. Qh5+ Kf8 41. Qf5 Kf7 42. g5 Qd8 43. Rg2 g6 44. Qg4 f5 45. Qh4
Kg7 46. Qh6+ Kf7 47. Qh7+ Kf8 48. Qxg6 Qb6 49. Qxf5+ Ke7 50. Kh2
1-0

[Event "Østlandsserien 2007/2008 3A"]
[Site "Lambertseter gård, Oslo"]
[Date "2008.03.09"]
[Round "5.3"]
[White "Thowsen, Alf Geir"]
[Black "Barstad, Thoralf N"]
[Result "1/2-1/2"]
[WhiteElo "1237"]
[BlackElo "1545"]
[PlyCount "103"]
[EventDate "2008.??.??"]
[WhiteTeam "Follo 2"]
[BlackTeam "Nordtrand 4"]

1. d4 Nf6 2. c4 c5 3. e3 g6 4. Nf3 Bg7 5. Bd3 O-O 6. O-O cxd4 7. exd4 d5 8. Re1
Bg4 9. Be3 Nc6 10. Nc3 dxc4 11. Bxc4 Bxf3 12. Qxf3 Nxd4 13. Bxd4 Qxd4 14. Bb3
e6 15. Qxb7 Ng4 16. Qf3 Ne5 17. Qe3 Nd3 18. Rad1 Qxe3 19. Rxe3 Bxc3 20. bxc3
Nc5 21. c4 a5 22. Re5 Rfc8 23. g3 Rab8 24. Bc2 Rb2 25. Bb1 a4 26. Kf1 a3 27.
Re2 Na4 28. Rde1 Rxe2 29. Kxe2 Nc5 30. Bd3 Rb8 31. Rc1 Rb2+ 32. Rc2 Rxc2+ 33.
Bxc2 Kf8 34. Kd2 Ke7 35. Kc3 Kd6 36. Kb4 Kc6 37. Kxa3 Kb6 38. Kb4 e5 39. a4
Na6+ 40. Kc3 Kc5 41. Be4 f5 42. Bd5 h6 43. Bf7 g5 44. Bg6 f4 45. Be4 Kb6 46.
Kd2 Nc5 47. Bc2 Ka5 48. Kc3 Ne6 49. Kd3 Nc5+ 50. Kc3 Ne6 51. Bf5 Nc5 52. Kc2
1/2-1/2

[Event "Østlandsserien 2007/2008 3A"]
[Site "Lambertseter gård, Oslo"]
[Date "2008.03.09"]
[Round "5.4"]
[White "Gaarder, Hans K"]
[Black "Samset, Jon"]
[Result "1-0"]
[WhiteElo "1351"]
[BlackElo "1144"]
[PlyCount "67"]
[EventDate "2008.??.??"]
[WhiteTeam "Nordtrand 4"]
[BlackTeam "Follo 2"]

1. e4 e5 2. Nf3 d6 3. Bc4 h6 4. Nc3 c6 5. h3 Nf6 6. O-O b5 7. Bb3 b4 8. Na4
Nxe4 9. Re1 Nf6 10. d4 e4 11. d5 Be7 12. Nh2 c5 13. c3 a5 14. Bd2 O-O 15. Bc2
Bb7 16. c4 Nbd7 17. Bxe4 Nxe4 18. Rxe4 Bg5 19. Rg4 Ne5 20. Bxg5 hxg5 21. Re4 f5
22. Rxe5 dxe5 23. Nxc5 Bc8 24. d6 Bd7 25. Nf3 Rf6 26. Nxd7 Qxd7 27. Qd5+ Kh7
28. Qxa8 Rxd6 29. Qxa5 Rd1+ 30. Rxd1 Qxd1+ 31. Kh2 Qf1 32. Qxe5 f4 33. Nxg5+
Kh6 34. Qxf4 1-0

[Event "Østlandsserien 2006/2007, 1. div"]
[Site "Strømmen, Akershus NOR"]
[Date "2006.12.10"]
[Round "3"]
[White "Næssvold, Kjell"]
[Black "Lillevold, Frode"]
[Result "0-1"]
[WhiteElo "1886"]
[BlackElo "2010"]
[PlyCount "80"]
[EventDate "2006.11.12"]
[WhiteTeam "Follo 1"]
[BlackTeam "Strømmen 1"]

1. e4 e5 2. Nf3 Nc6 3. d4 exd4 4. Nxd4 Nf6 5. Nc3 Bb4 6. Nxc6 bxc6 7. Bd3 d5 8.
exd5 cxd5 9. O-O O-O 10. Bg5 c6 11. Qf3 Be7 12. Rae1 Rb8 13. Nd1 Re8 14. h3 Be6
15. a3 c5 16. c3 d4 17. cxd4 cxd4 18. Re2 Nd5 19. Bxe7 Nxe7 20. Rfe1 Ng6 21.
Qg3 Rb3 22. f4 Qd6 23. Qf3 Rxd3 24. Qxd3 Nxf4 25. Rxe6 Rxe6 26. Rxe6 Qxe6 27.
Qf3 g5 28. h4 Qe1+ 29. Kh2 Qxh4+ 30. Kg1 Qe1+ 31. Kh2 Qe2 32. Qxe2 Nxe2 33. g4
Kg7 34. Kg2 Kg6 35. Kf3 Nf4 36. Ke4 Ne6 37. b4 h5 38. gxh5+ Kxh5 39. a4 g4 40.
a5 f5+ 0-1

[Event "Østlandsserien 2006/2007, 1. div"]
[Site "Strømmen, Akershus NOR"]
[Date "2006.12.10"]
[Round "3"]
[White "Andersen, Jørgen M"]
[Black "Lea, Per"]
[Result "1-0"]
[WhiteElo "1898"]
[BlackElo "1617"]
[PlyCount "65"]
[EventDate "2006.11.12"]
[WhiteTeam "Strømmen 1"]
[BlackTeam "Follo 1"]

1. d4 d5 2. Nf3 Nf6 3. Bf4 e6 4. e3 c5 5. c3 Nc6 6. Bd3 Bd6 7. Bg3 b6 8. Qa4
Bxg3 9. Bb5 Bd7 10. Bxc6 Bd6 11. Ne5 Bxe5 12. dxe5 Bxc6 13. Qxc6+ Nd7 14. f4
Qc8 15. Qa4 Qb7 16. O-O O-O 17. Nd2 c4 18. Qd1 Nc5 19. Qh5 f6 20. Nf3 Qf7 21.
Qh4 Ne4 22. g4 f5 23. gxf5 Qxf5 24. Nd4 Qg6+ 25. Kh1 Nd2 26. f5 exf5 27. Rf2
Ne4 28. Rg2 Qf7 29. Rf1 Qd7 30. e6 Qc7 31. Nxf5 g6 32. Qh6 Qe5 33. Ne7+ 1-0

[Event "Østlandsserien 2006/2007, 1. div"]
[Site "Strømmen, Akershus NOR"]
[Date "2006.12.10"]
[Round "3"]
[White "Høva, Frode"]
[Black "Nilsen, Terje"]
[Result "0-1"]
[WhiteElo "1588"]
[BlackElo "1845"]
[PlyCount "102"]
[EventDate "2006.11.12"]
[WhiteTeam "Follo 1"]
[BlackTeam "Strømmen 1"]

1. d4 g6 2. c4 Bg7 3. Nc3 d6 4. Nf3 Nd7 5. e4 e5 6. Be2 Ne7 7. O-O O-O 8. Nd5
c6 9. Nxe7+ Qxe7 10. dxe5 dxe5 11. Be3 Nc5 12. Qc2 Ne6 13. Rfd1 g5 14. g3 Bf6
15. Nd2 Nd4 16. Bxd4 exd4 17. Bd3 Be5 18. c5 h5 19. b4 h4 20. Nc4 f6 21. Qe2
hxg3 22. fxg3 Kg7 23. Rf1 Rh8 24. Rae1 Qc7 25. Qf3 Be6 26. a3 Rh3 27. Nxe5 Qxe5
28. Re2 a5 29. Ref2 Rh6 30. Rb2 axb4 31. Rxb4 Bc8 32. a4 Ra5 33. Rfb1 Rxc5 34.
Qf2 Rc3 35. Rxd4 Qc5 36. Rd1 Bg4 37. Be2 Bxe2 38. Qxe2 Rc2 39. Qg4 Rhxh2 40.
Qd7+ Kh6 41. Qf7 Qe5 42. Qf8+ Kh5 43. Qf7+ Kg4 44. Qd7+ Kxg3 45. R4d3+ Kf4 46.
Rf1+ Kxe4 47. Re1+ Rce2 48. Rxe2+ Rxe2 49. Kf1 Rh2 50. Kg1 Rc2 51. Qh7+ f5 0-1

[Event "Østlandsserien 2006/2007, 1. div"]
[Site "Strømmen, Akershus NOR"]
[Date "2006.12.10"]
[Round "3"]
[White "Nygaard, Eddy"]
[Black "Moberg, Jan Rune"]
[Result "1/2-1/2"]
[WhiteElo "1756"]
[BlackElo "1464"]
[PlyCount "95"]
[EventDate "2006.11.12"]
[WhiteTeam "Strømmen 1"]
[BlackTeam "Follo 1"]

1. e4 e5 2. Nf3 d6 3. d4 Nd7 4. Bc4 c6 5. O-O Be7 6. Bb3 Ngf6 7. Nc3 O-O 8. h3
a6 9. dxe5 dxe5 10. Qe2 Qc7 11. Bg5 Nc5 12. Rfd1 Be6 13. Rd2 Rad8 14. Rad1 Rxd2
15. Rxd2 Bxb3 16. axb3 Ne6 17. Bxf6 Bxf6 18. g3 Rd8 19. Nd1 Qa5 20. Rxd8+ Qxd8
21. Ne3 h5 22. c3 b5 23. b4 a5 24. bxa5 Qxa5 25. Qc2 Qa1+ 26. Kg2 Qa2 27. Kh2
Nc5 28. Kg2 Na4 29. Nd1 Nc5 30. Ne1 g5 31. f3 Ne6 32. b3 Qa1 33. b4 h4 34. Nd3
hxg3 35. Kxg3 Qa7 36. Qf2 Qe7 37. Kh2 Nf4 38. Nxf4 gxf4 39. Qg2+ Kf8 40. Nf2
Bh4 41. Nd3 Bg3+ 42. Kh1 f6 43. Nc5 Qd6 44. Qa2 Qd1+ 45. Kg2 Qe1 46. Ne6+ Ke7
47. Nc5 Kf8 48. Ne6+ 1/2-1/2